000 00579cab a2200217 4500
001 ABS68425
008 041124n2004 000 0 eng u
035 _a(Sirsi) u128114
245 _aFocus 1: Thames Gateway
260 _c2004
490 _aEstates Gazette
_v(0446) 13 November 2004, 69-79(7)
590 _aABS
650 _aTHAMES GATEWAY
650 _aDOCKLANDS
650 _aCANARY WHARF
650 _aRESIDENTIAL DEVELOPMENT
650 _aREGENERATION
650 _aPLANNING
690 _aPROPERTY-COMMERCIAL PROPERTY-COMMERCIAL PROPERTY MARKET
942 _n0
999 _c74626
_d74626